| 000 | 00498nam a22001697a 4500 | ||
|---|---|---|---|
| 003 | NUST | ||
| 005 | 20220807115944.0 | ||
| 008 | 220807b ||||| |||| 00| 0 eng d | ||
| 020 | _a9781646113194 | ||
| 038 | _aAzhar | ||
| 082 |
_a428.24 _bDIG |
||
| 100 |
_aDigiacomo Michael _996644 |
||
| 245 |
_aThe English grammar workbook for adults : a self-study guide to improve functional writing _cMichael Digiacomo |
||
| 260 |
_aCalifornia _bRockridge press _c2020 |
||
| 300 | _a196p | ||
| 942 |
_2ddc _cLC |
||
| 999 |
_c590811 _d590811 |
||